000 01454cam a2200397 a 4500
001 14141139
003 OSt
005 20140310181638.0
008 051014s2005 nyua b 001 0 eng
010 _a 2005283510
020 _a0439574129
040 _aDLC
_cDLC
_dDLC
050 0 0 _aLB 1528
_b.C967 2003
082 0 0 _aTRE 372.62
_bC91t 2003
100 1 _aCulham, Ruth.
_92192
245 1 0 _a6 + 1 traits of writing.
_pThe complete guide for the primary grades /
_cby Ruth Culham.
246 3 _a6+1 traits of writing
246 3 _aSix + one traits of writing
246 3 _aSix plus one traits of writing
246 3 0 _aComplete guide for the primary grades
260 _aNew York :
_bScholastic,
_cc2005.
300 _a304 p. :
_bill. ;
_c24 cm.
440 0 _aTeaching resources
_91967
490 1 _aTheory and practice
521 _aFaculty
541 _j1
562 _e1
650 0 _aLanguage arts (Primary)
_92193
650 0 _aEnglish language
_xComposition and exercises.
_92194
830 0 _aTheory and practice (New York, N.Y.)
_91970
856 4 2 _3Contributor biographical information
_uhttp://www.loc.gov/catdir/enhancements/fy1106/2005283510-b.html
856 4 2 _3Publisher description
_uhttp://www.loc.gov/catdir/enhancements/fy1106/2005283510-d.html
906 _a7
_bcbc
_corigcop
_d2
_encip
_f20
_gy-gencatlg
942 _2lcc
_cBK-TR
_kTR
999 _c745
_d745